书目信息 |
| 题名: |
冲压工必读
|
|
| 作者: | ;天津市第一机械工业局 主编 | |
| 分册: | ||
| 出版信息: | 天津 天津科学技术出版社 1981.9 |
|
| 页数: | 371页 | |
| 开本: | 20cm | |
| 丛书名: | 工人技术等级标准自学丛书 | |
| 单 册: | ||
| 中图分类: | TG386 | |
| 科图分类: | ||
| 主题词: | 冷冲击 , 钣金工 | |
| 电子资源: | ||
| ISBN: | ||
| 000 | 00684nam0 2200217 45 | |
| 001 | 0312221749 | |
| 005 | 20060421101545.00 | |
| 010 | @dCNY0.82 | |
| 100 | @a20031222d1981 km y0chiy0120 ea | |
| 101 | @achi | |
| 200 | 1 | @a冲压工必读@AChong Ya Gong Bi Du@f天津市第一机械工业局主编@Ftian jin shi di yi ji xie gong ye ju zhu bian |
| 210 | @a天津@c天津科学技术出版社@d1981.9 | |
| 215 | @a371页@d20cm | |
| 225 | @a工人技术等级标准自学丛书 | |
| 410 | 0 | @12001 @a工人技术等级标准自学丛书 |
| 606 | 0 | @a冷冲击 |
| 606 | 0 | @a钣金工 |
| 690 | @aTG386@v3 | |
| 711 | 0 | @a天津市第一机械工业局@Atian jin shi di yi ji xie gong ye ju@4主编 |
| 801 | @aCN@bTSTCL@c20060421 | |
| 905 | @a213230@dTG386@e1 | |
| 冲压工必读/天津市第一机械工业局主编.-天津:天津科学技术出版社,1981.9 |
| 371页;20cm.-(工人技术等级标准自学丛书) |
| ISBN :CNY0.82 |
| ● |
| 相关链接 |
|
|
|
|
正题名:冲压工必读
索取号:TG386/1
 
预约/预借
| 序号 | 登录号 | 条形码 | 馆藏地/架位号 | 状态 | 备注 |
| 1 | 0107448 | 202279140 | 密集书库/ [索取号:TG386/1] | 在馆 | |
| 2 | 0107449 | 202279113 | 密集书库/ [索取号:TG386/1] | 在馆 | |
| 3 | 0107450 | 202184055 | 密集书库/ [索取号:TG386/1] | 在馆 |